[Event "World University-ch 13th"]
[Site "Katowice"]
[Date "2014.08.22"]
[Round "6"]
[White "Frijde, Joel"]
[Black "Sikivou, Taione"]
[Result "0-1"]
[WhiteElo "1696"]
[BlackElo "1817"]
[PlyCount "100"]
[EventDate "2014.08.18"]
[EventType "swiss"]
[EventRounds "9"]
[EventCountry "POL"]
[SourceTitle "CBM 161 Extra"]
[Source "ChessBase"]
[SourceDate "2014.08.29"]
[SourceVersion "1"]
[SourceVersionDate "2014.08.29"]
[SourceQuality "1"]

1. f4 Nf6 2. Nf3 g6 3. e3 Bg7 4. Be2 c5 5. 0-0 0-0 6. d4 d5 7. Ne5 Nc6 8. Nd2 cxd4 9. Nxc6 bxc6 10. exd4 Qb6 11. Nb3 Ne4 12. c3 a5 13. Kh1 a4 14. Nd2 c5 15. Nxe4 dxe4 16. d5 Rd8 17. Qc2 f5 18. Rd1 Bb7 19. Bc4 Rd6 20. Be3 Qa5 21. Qf2 Rc8 22. a3 Ba6 23. Qe2 Kf8 24. Rd2 Ke8 25. Rad1 Kd7 26. Bxa6 Qxa6 27. Qf2 Qc4 28. Qh4 h5 29. Qf2 Bf6 30. h4 Rb6 31. g3 Kd6 32. Kg2 Rb3 33. Re1 Rcb8 34. Ree2 R8b5 35. Kh2 Rb6 36. Kg2 Qb5 37. Kh2 Qa5 38. Kg2 Bxc3 39. bxc3 Rxc3 40. Rc2 Rxc2 41. Rxc2 Rb5 42. Qe2 Qb6 43. Qc4 Qa5 44. Bd4 Qb6 45. Be5+ Kd7 46. Qxa4 Qa5 47. Qc4 e3 48. Re2 Rb1 49. Rxe3 Qd2+ 50. Re2 Qd1 0-1

[Event "World University-ch 13th"]
[Site "Katowice"]
[Date "2014.08.18"]
[Round "1"]
[White "Frijde, Joel"]
[Black "Klekowski, Maciej"]
[Result "0-1"]
[WhiteElo "1696"]
[BlackElo "2383"]
[PlyCount "60"]
[EventDate "2014.08.18"]
[EventType "swiss"]
[EventRounds "9"]
[EventCountry "POL"]
[SourceTitle "CBM 161 Extra"]
[Source "ChessBase"]
[SourceDate "2014.08.29"]
[SourceVersion "1"]
[SourceVersionDate "2014.08.29"]
[SourceQuality "1"]

1. e4 c5 2. Nf3 e6 3. d4 cxd4 4. Nxd4 a6 5. Bc4 Nf6 6. Bg5 Qc7 7. Bd3 Nxe4 8. Be3 Nf6 9. Nd2 d5 10. Rc1 e5 11. N4b3 Be7 12. 0-0 Ng4 13. Be2 Nxe3 14. fxe3 0-0 15. e4 dxe4 16. Nxe4 Rd8 17. Qe1 f5 18. Qc3 Qxc3 19. Nxc3 Be6 20. Rcd1 Nc6 21. a3 b5 22. Bf3 e4 23. Be2 g6 24. g3 Kg7 25. Kg2 Bxb3 26. cxb3 Nd4 27. b4 Bf6 28. Rfe1 Nc2 29. Bf1 Bxc3 30. bxc3 Rxd1 0-1

[Event "SUR-ch"]
[Site "Paramaribo"]
[Date "2014.03.04"]
[Round "7"]
[White "Hanoeman, Suradj"]
[Black "Frijde, Joel"]
[Result "1-0"]
[WhiteElo "2030"]
[BlackElo "1714"]
[PlyCount "63"]
[EventDate "2014.02.16"]
[EventType "tourn"]
[EventRounds "13"]
[EventCountry "SUR"]
[SourceTitle "EXT 2018"]
[Source "ChessBase"]
[SourceDate "2017.10.13"]
[SourceVersion "1"]
[SourceVersionDate "2017.10.13"]
[SourceQuality "1"]

1. d4 c5 2. d5 d6 3. e4 g6 4. Nc3 Nf6 5. Nf3 Bg7 6. Be2 0-0 7. 0-0 a6 8. a4 Nbd7 9. Bf4 Nh5 10. Be3 f5 11. exf5 Rxf5 12. g4 Rxf3 13. Bxf3 Nhf6 14. Bg2 Ne5 15. h3 b6 16. Qe2 Bb7 17. Rae1 Qd7 18. Bg5 Re8 19. Bxf6 Bxf6 20. Ne4 Bh4 21. Nc3 b5 22. axb5 axb5 23. Ra1 b4 24. Nd1 Qc7 25. Ne3 Rf8 26. f4 Nf7 27. g5 Bc8 28. Qc4 Bf5 29. Nxf5 gxf5 30. Qe2 Nh8 31. Qe6+ Nf7 32. g6 1-0

[Event "SUR-ch"]
[Site "Paramaribo"]
[Date "2014.02.26"]
[Round "5"]
[White "Sanches, Casanova Romario"]
[Black "Frijde, Joel"]
[Result "1-0"]
[WhiteElo "2064"]
[BlackElo "1714"]
[PlyCount "51"]
[EventDate "2014.02.16"]
[EventType "tourn"]
[EventRounds "13"]
[EventCountry "SUR"]
[SourceTitle "EXT 2018"]
[Source "ChessBase"]
[SourceDate "2017.10.13"]
[SourceVersion "1"]
[SourceVersionDate "2017.10.13"]
[SourceQuality "1"]

1. e4 c5 2. Nf3 d6 3. d4 cxd4 4. Nxd4 Nf6 5. Nc3 g6 6. Be3 Bg7 7. f3 0-0 8. Bc4 Nc6 9. Qd2 Bd7 10. 0-0-0 a6 11. h4 h5 12. Bb3 Na5 13. Bh6 Nxb3+ 14. axb3 b5 15. g4 Kh7 16. Bxg7 Kxg7 17. gxh5 Nxh5 18. Rdg1 Kh7 19. Rg5 Rg8 20. Nde2 Rc8 21. Nd5 e5 22. Ng3 f6 23. Nxh5 fxg5 24. Nhf6+ Kg7 25. Nxg8 Kxg8 26. hxg5 1-0